[Event "BRNO OPEN 2019 A - FIDE open"]
[Site "Brno"]
[Date "2019.11.04"]
[Round "2"]
[White "Hlavac, Tomas"]
[Black "Osypova, Alona"]
[Result "1-0"]
[WhiteElo "1381"]
[BlackElo "1598"]
[PlyCount "51"]
[EventDate "2019.11.03"]

1. e4 c5 2. c3 Nf6 3. e5 Nd5 4. d4 Nc6 5. Nf3 d6 6. Bc4 Nc7 7. Bf4 d5 8. Bd3
Bg4 9. h3 Bxf3 10. gxf3 cxd4 11. cxd4 Nxd4 12. Bxh7 Nxf3+ 13. Qxf3 Rxh7 14. Nc3
e6 15. O-O-O Qh4 16. Rdg1 Bc5 17. Rg3 g6 18. Rhg1 Qh5 19. Qg2 O-O-O 20. Bg5
Rdh8 21. Kb1 Bf8 22. h4 Bh6 23. f4 Bxg5 24. hxg5 Qh2 25. Qf1 Rh3 26. R3g2 1-0

[Event "BRNO OPEN 2019 A - FIDE open"]
[Site "Brno"]
[Date "2019.11.04"]
[Round "2"]
[White "Weber, Tomas"]
[Black "Kochev, Igor"]
[Result "1/2-1/2"]
[WhiteElo "1471"]
[BlackElo "1696"]
[PlyCount "94"]
[EventDate "2019.11.03"]

1. Nf3 e6 2. c4 c5 3. Nc3 Nf6 4. g3 b6 5. Bg2 Bb7 6. b3 Be7 7. Bb2 O-O 8. O-O
d5 9. cxd5 Nxd5 10. d4 Bf6 11. Nxd5 Bxd5 12. Rb1 Be4 13. Rc1 Nc6 14. e3 Qd5 15.
Bc3 Rad8 16. Qe2 Qf5 17. Rfd1 cxd4 18. Nxd4 Nxd4 19. Bxd4 Bxd4 20. exd4 Bxg2
21. Kxg2 Qd5+ 22. Qf3 Qxf3+ 23. Kxf3 Rd7 24. Rc2 Rfd8 25. Ke4 Kf8 26. h4 h5 27.
f4 Ke7 28. Ke3 f6 29. Rc3 e5 30. fxe5 fxe5 31. Rcd3 exd4+ 32. Rxd4 Rxd4 33.
Rxd4 Rxd4 34. Kxd4 Kd6 35. Ke4 Ke6 36. Kf4 Kf6 37. g4 hxg4 38. Kxg4 Kg6 39. h5+
Kh7 40. b4 b5 41. a3 g6 42. hxg6+ Kxg6 43. Kf4 Kf6 44. Ke4 Ke6 45. Kd4 Kd6 46.
Ke4 Ke6 47. Kd4 Kd6 1/2-1/2

[Event "BRNO OPEN 2019 A - FIDE open"]
[Site "Brno"]
[Date "2019.11.05"]
[Round "3"]
[White "Meszaros, Ludek"]
[Black "Skurikhin, Dmitrij"]
[Result "1/2-1/2"]
[WhiteElo "2070"]
[BlackElo "2295"]
[PlyCount "120"]
[EventDate "2019.11.03"]

1. e4 e6 2. d3 c5 3. g3 d5 4. Nd2 Nf6 5. Bg2 Nc6 6. Ngf3 Be7 7. O-O b6 8. Re1
Bb7 9. c3 Qc7 10. Qe2 dxe4 11. Nxe4 Nxe4 12. dxe4 O-O-O 13. Be3 Rd7 14. a3 Rhd8
15. Qc2 Na5 16. Bf4 Bd6 17. e5 Bf8 18. Bg5 Be7 19. Bxe7 Rxe7 20. Qxh7 g6 21.
Rad1 Nc4 22. b3 Nxa3 23. Qh6 Red7 24. Rxd7 Qxd7 25. Qc1 Nb5 26. Ng5 Bxg2 27.
Kxg2 Qd5+ 28. Kg1 Qxb3 29. Nxf7 Rd7 30. Ng5 Nxc3 31. Qe3 Rd1 32. Nxe6 Qb1 33.
Rxd1 Qxd1+ 34. Kg2 Qd5+ 35. Qf3 a5 36. Nf4 Qxf3+ 37. Kxf3 a4 38. Nd3 a3 39. Nc1
c4 40. h4 Kd7 41. Ke3 b5 42. g4 b4 43. Kd2 a2 44. Nxa2 Nxa2 45. h5 gxh5 46.
gxh5 Nc3 47. f4 Nd5 48. f5 c3+ 49. Kc1 b3 50. h6 Nb4 51. h7 Nd3+ 52. Kd1 c2+
53. Ke2 c1=Q 54. e6+ Kc7 55. h8=Q b2 56. Qg7+ Kb6 57. Qd4+ Kb5 58. Qxd3+ Qc4
59. Qxc4+ Kxc4 60. e7 b1=Q 1/2-1/2

[Event "BRNO OPEN 2019 A - FIDE open"]
[Site "Brno"]
[Date "2019.11.05"]
[Round "3"]
[White "Chkhaidze, Nikoloz"]
[Black "Ochedzan, Tymon"]
[Result "1-0"]
[WhiteElo "2287"]
[BlackElo "2061"]
[PlyCount "71"]
[EventDate "2019.11.03"]

1. e4 c5 2. Nc3 Nc6 3. Bb5 Nd4 4. Nf3 Nxb5 5. Nxb5 a6 6. Nc3 d6 7. d4 cxd4 8.
Qxd4 e5 9. Qb4 d5 10. Qb3 d4 11. Nxe5 Be6 12. Nd5 Ne7 13. Qxb7 Nxd5 14. Qc6+
Ke7 15. exd5 Qxd5 16. Bf4 f6 17. Qxd5 Bxd5 18. Nf3 Bxf3 19. gxf3 Ke6 20. Ke2
Bd6 21. Bxd6 Kxd6 22. Rhg1 Rab8 23. Rab1 Rb7 24. Rg4 Rhb8 25. b3 Kc5 26. Kd3
Rd7 27. b4+ Kb5 28. Rxd4 Rxd4+ 29. Kxd4 Rd8+ 30. Kc3 Ka4 31. a3 Re8 32. Rd1 a5
33. Rd5 axb4+ 34. axb4 Rc8+ 35. Rc5 Rb8 36. Ra5# 1-0

[Event "BRNO OPEN 2019 A - FIDE open"]
[Site "Brno"]
[Date "2019.11.05"]
[Round "3"]
[White "Tesar, Jan"]
[Black "Hofirek, Benedikt"]
[Result "0-1"]
[WhiteElo "2029"]
[BlackElo "2269"]
[PlyCount "114"]
[EventDate "2019.11.03"]

1. d4 Nf6 2. Nc3 d5 3. Bg5 Nbd7 4. Nf3 h6 5. Bh4 e6 6. e3 Bb4 7. a3 Bxc3+ 8.
bxc3 c5 9. dxc5 Qa5 10. Qd4 Qxc5 11. Bxf6 gxf6 12. c4 dxc4 13. Bxc4 Qxd4 14.
exd4 b6 15. O-O Bb7 16. Nd2 f5 17. Be2 Nf6 18. f3 Nd5 19. Bb5+ Ke7 20. Rfe1 a6
21. Bd3 Kf6 22. Rab1 b5 23. Rb3 Bc6 24. Reb1 Rhd8 25. c4 Nc7 26. cxb5 Bxb5 27.
Rc1 Rxd4 28. Rxc7 Rxd3 29. Rxd3 Bxd3 30. Nb3 Rb8 31. Nc5 Rb1+ 32. Kf2 Rb2+ 33.
Kg1 Be2 34. f4 Ra2 35. a4 Bd1 36. Nd7+ Kg7 37. Ne5 Rxa4 38. Rxf7+ Kg8 39. Rd7
Bb3 40. g3 Ra1+ 41. Kf2 Ra2+ 42. Ke3 Rxh2 43. g4 a5 44. Ra7 a4 45. Kd4 Rf2 46.
Ra8+ Kg7 47. Ra7+ Kf8 48. Nd7+ Ke7 49. Ne5+ Kd8 50. Nc6+ Ke8 51. gxf5 Rxf4+ 52.
Ke5 Rxf5+ 53. Kd4 Kf8 54. Ne5 Kg8 55. Ng6 Rf7 56. Ra8+ Kg7 57. Ne5 Rc7 0-1

[Event "BRNO OPEN 2019 A - FIDE open"]
[Site "Brno"]
[Date "2019.11.05"]
[Round "3"]
[White "Kalinowska, Zuzanna"]
[Black "Baklanova, Tatiana"]
[Result "0-1"]
[WhiteElo "1998"]
[BlackElo "2173"]
[PlyCount "88"]
[EventDate "2019.11.03"]

1. d4 Nf6 2. c4 d6 3. Nc3 Nbd7 4. e4 e5 5. Nf3 c6 6. d5 Nc5 7. Qc2 Bg4 8. Be2
Bxf3 9. Bxf3 a5 10. Be3 Nfd7 11. O-O Be7 12. Na4 Nxa4 13. Qxa4 Qc7 14. Rac1 O-O
15. g3 c5 16. Bg2 Bf6 17. Bd2 Rfe8 18. Qc2 a4 19. a3 Reb8 20. Bc3 b5 21. cxb5
Rxb5 22. Bh3 Rb3 23. Qe2 Qd8 24. Qg4 Nb6 25. f4 Qe7 26. fxe5 Bxe5 27. Rf2 Bxc3
28. Rxc3 Rxc3 29. bxc3 Nc4 30. Qd7 Qxd7 31. Bxd7 Nxa3 32. Ra2 Nb1 33. Bc6 Rb8
34. Rxa4 Nxc3 35. Rc4 Ne2+ 36. Kf2 Nd4 37. Ra4 g6 38. Ke3 Kg7 39. Bd7 Rb7 40.
Bc8 Rc7 41. Bh3 Kf6 42. Ra8 Re7 43. Kf4 Ne2+ 44. Ke3 Nc3 0-1

[Event "BRNO OPEN 2019 A - FIDE open"]
[Site "Brno"]
[Date "2019.11.05"]
[Round "3"]
[White "Chudinovskikh, Alexander M"]
[Black "Zabolotny, Volodymyr"]
[Result "1-0"]
[WhiteElo "2149"]
[BlackElo "1974"]
[PlyCount "71"]
[EventDate "2019.11.03"]

1. e4 d5 2. exd5 Qxd5 3. Nc3 Qd8 4. d4 Nf6 5. Bc4 g6 6. Nf3 Bg7 7. O-O O-O 8.
h3 a6 9. a4 Nc6 10. Ne2 e6 11. Ng3 Ne7 12. c3 b6 13. Qe2 Bb7 14. Re1 Ned5 15.
Bd2 Re8 16. a5 b5 17. Ba2 Qe7 18. b4 Qf8 19. Ne5 Bh6 20. Nd3 Bxd2 21. Qxd2 Qd6
22. Ne5 Kg7 23. Rac1 h5 24. Qg5 Rh8 25. h4 Ng4 26. Ne4 Qd8 27. Nd3 Ndf6 28.
Nec5 Bd5 29. Bxd5 Nxd5 30. c4 bxc4 31. Rxc4 Qf6 32. Ne4 Qf5 33. Rc6 Rhb8 34.
Qd2 Rd8 35. f3 Ngf6 36. Ng3 1-0

[Event "BRNO OPEN 2019 A - FIDE open"]
[Site "Brno"]
[Date "2019.11.05"]
[Round "3"]
[White "Koutny, Petr"]
[Black "Aird, Ian"]
[Result "1-0"]
[WhiteElo "2217"]
[BlackElo "1853"]
[PlyCount "103"]
[EventDate "2019.11.03"]

1. e4 e5 2. Nf3 Nc6 3. Nc3 Nf6 4. Bb5 Nd4 5. Ba4 c6 6. d3 d6 7. h3 Be7 8. O-O
b5 9. Bb3 Nxb3 10. axb3 O-O 11. Be3 a6 12. d4 Qc7 13. Bg5 Re8 14. Qd3 Bb7 15.
Rfe1 Nh5 16. Bd2 Nf6 17. Ne2 Nd7 18. Ba5 Qb8 19. Ng3 g6 20. Rad1 Nf8 21. Bc3
Bf6 22. Nh2 Bg7 23. Ng4 Bc8 24. Qf3 Bxg4 25. hxg4 b4 26. Bd2 exd4 27. Ne2 Ne6
28. Qh3 c5 29. Bh6 Qd8 30. f4 f6 31. f5 Ng5 32. Bxg5 fxg5 33. Qd3 Be5 34. Rf1
Kg7 35. Rf3 Rf8 36. Rdf1 d5 37. fxg6 Rxf3 38. Qxf3 Qf6 39. Qxf6+ Bxf6 40. gxh7
dxe4 41. Ng3 Be5 42. Nxe4 Bf4 43. g3 Be3+ 44. Kg2 Kxh7 45. Rf5 Kg6 46. Rxc5 Re8
47. Rc6+ Kg7 48. Nd6 Ra8 49. Nf5+ Kf7 50. Nd6+ Ke7 51. Nc4 Ra7 52. Kf3 1-0

[Event "BRNO OPEN 2019 A - FIDE open"]
[Site "Brno"]
[Date "2019.11.05"]
[Round "3"]
[White "Marsa, Alexandr"]
[Black "Bullen, Alex"]
[Result "1/2-1/2"]
[WhiteElo "1873"]
[BlackElo "2108"]
[PlyCount "107"]
[EventDate "2019.11.03"]

1. d4 d5 2. c4 e6 3. Nc3 Nf6 4. Bg5 Nbd7 5. e3 c6 6. a3 Be7 7. Qc2 O-O 8. Nf3
Re8 9. Rd1 a6 10. h3 Qa5 11. Bd3 h6 12. Bh4 dxc4 13. Bxc4 Nb6 14. Ba2 Nbd5 15.
Rc1 Nxc3 16. Qxc3 Qxc3+ 17. Rxc3 Ne4 18. Rc1 g5 19. Bg3 Nxg3 20. fxg3 Bd6 21.
Kf2 e5 22. Rhe1 e4 23. Nd2 Bf5 24. g4 Bg6 25. Nf1 Kg7 26. Ng3 f6 27. Nf5+ Bxf5
28. gxf5 h5 29. Be6 h4 30. Ke2 Re7 31. Rc4 Rd8 32. Rd1 Rc7 33. d5 c5 34. Rxe4
b5 35. a4 Be5 36. axb5 axb5 37. Ra1 Bxb2 38. Rb1 Be5 39. Rxb5 Ra8 40. Rc4 Ra2+
41. Kf3 Bg3 42. Rbxc5 Rxc5 43. Rxc5 Rf2+ 44. Kg4 Rxg2 45. Rc8 Bd6+ 46. Kh5 g4
47. Kxh4 g3 48. Rd8 Be5 49. d6 Rd2 50. Rg8+ Kh7 51. d7 Rxd7 52. Bxd7 Kxg8 53.
Be6+ Kg7 54. Kg4 1/2-1/2

[Event "BRNO OPEN 2019 A - FIDE open"]
[Site "Brno"]
[Date "2019.11.05"]
[Round "3"]
[White "Svobodova, Michaela"]
[Black "Kovalenko, Vladimir N"]
[Result "0-1"]
[WhiteElo "2070"]
[BlackElo "2079"]
[PlyCount "58"]
[EventDate "2019.11.03"]

1. e4 c5 2. Nf3 g6 3. d4 cxd4 4. Qxd4 Nf6 5. e5 Nc6 6. Qc4 d5 7. exd6 Qxd6 8.
Nc3 a6 9. Bf4 Qe6+ 10. Qxe6 Bxe6 11. Ng5 Bd7 12. Bc4 Nd8 13. O-O-O Rc8 14. Bb3
h6 15. Nge4 Nxe4 16. Nxe4 Bc6 17. Rhe1 Bxe4 18. Rxe4 Nc6 19. Bd5 Bg7 20. Bd6
Bf6 21. Rde1 e6 22. Bxe6 fxe6 23. Rxe6+ Kf7 24. c4 Rhe8 25. Rxe8 Rxe8 26. Rxe8
Kxe8 27. b4 Be7 28. Bxe7 Kxe7 29. a3 Ne5 0-1

[Event "BRNO OPEN 2019 A - FIDE open"]
[Site "Brno"]
[Date "2019.11.05"]
[Round "3"]
[White "Jires, Jiri"]
[Black "Bacak, Petr Ml"]
[Result "1-0"]
[WhiteElo "2077"]
[BlackElo "1938"]
[PlyCount "47"]
[EventDate "2019.11.03"]

1. e4 c5 2. Nc3 d6 3. d4 cxd4 4. Qxd4 Nc6 5. Qd2 Nf6 6. b3 a6 7. Bb2 b5 8. f3
Bd7 9. O-O-O Qa5 10. Kb1 e6 11. g4 O-O-O 12. g5 Ne8 13. f4 h6 14. Nf3 Nc7 15.
h4 hxg5 16. Nxg5 Be8 17. Bh3 Kb8 18. Qf2 Ne7 19. f5 e5 20. b4 Qxb4 21. Qb6+ Kc8
22. f6+ Bd7 23. fxe7 Bxe7 24. Nxf7 1-0

[Event "BRNO OPEN 2019 A - FIDE open"]
[Site "Brno"]
[Date "2019.11.05"]
[Round "3"]
[White "Ahlers, Knut"]
[Black "Ambros, Zdenek"]
[Result "1-0"]
[WhiteElo "2037"]
[BlackElo "1835"]
[PlyCount "71"]
[EventDate "2019.11.03"]

1. e4 e5 2. Nf3 Nc6 3. Bc4 Nf6 4. d3 Bc5 5. O-O O-O 6. Bg5 d6 7. h3 Be6 8. Nbd2
Qe7 9. c3 Bxc4 10. Nxc4 Qe6 11. b4 Bb6 12. a4 a6 13. Nxb6 cxb6 14. b5 Ne7 15.
Qe2 Nd7 16. d4 f6 17. Bd2 d5 18. exd5 Qxd5 19. c4 Qd6 20. Rfe1 Ng6 21. Be3 Rfe8
22. c5 Qe6 23. Rac1 axb5 24. axb5 Ra2 25. Rc2 Rea8 26. c6 bxc6 27. bxc6 Ndf8
28. c7 Rxc2 29. Qxc2 Ne7 30. dxe5 fxe5 31. Ng5 Qa2 32. Qxa2+ Rxa2 33. Bxb6 Nc8
34. Bc5 h6 35. Rxe5 Rc2 36. Ne4 1-0

[Event "BRNO OPEN 2019 A - FIDE open"]
[Site "Brno"]
[Date "2019.11.05"]
[Round "3"]
[White "Komarek, Tobias"]
[Black "Spodny, Josef"]
[Result "1/2-1/2"]
[WhiteElo "1242"]
[BlackElo "1821"]
[PlyCount "83"]
[EventDate "2019.11.03"]

1. e4 e5 2. Nf3 Nc6 3. Bc4 Nf6 4. Ng5 d5 5. exd5 b5 6. Bxb5 Qxd5 7. Bxc6+ Qxc6
8. O-O Bd6 9. Nc3 h6 10. Nf3 Bg4 11. h3 Bh5 12. d3 O-O 13. Be3 Rab8 14. Rb1 Rb7
15. Bd2 Kh7 16. Qe2 Bxf3 17. Qxf3 Qxf3 18. gxf3 Nh5 19. Ne4 f5 20. Nxd6 cxd6
21. a3 Rc8 22. Rfc1 Rbc7 23. c3 a6 24. b4 d5 25. Re1 Re7 26. Rbc1 Rd8 27. Be3
Red7 28. c4 Nf6 29. Bb6 Rb8 30. c5 Re7 31. a4 d4 32. b5 axb5 33. axb5 Nd5 34.
Rb1 Nxb6 35. cxb6 Rxb6 36. Rec1 e4 37. fxe4 fxe4 38. dxe4 Rxe4 39. Rd1 Re5 40.
Rxd4 Rexb5 41. Rxb5 Rxb5 42. Kg2 1/2-1/2

[Event "BRNO OPEN 2019 A - FIDE open"]
[Site "Brno"]
[Date "2019.11.05"]
[Round "3"]
[White "Musienko, Olexiy"]
[Black "Hlavac, Tomas"]
[Result "1-0"]
[WhiteElo "1810"]
[BlackElo "1381"]
[PlyCount "65"]
[EventDate "2019.11.03"]

1. e4 e6 2. d4 d5 3. e5 c5 4. c3 Qb6 5. Nf3 Nc6 6. a3 cxd4 7. cxd4 Nge7 8. Nc3
Nf5 9. Na4 Qc7 10. Be2 Bd7 11. g4 Nfe7 12. Nc5 Bc8 13. b4 a6 14. Be3 b6 15. Nd3
Bd7 16. Rc1 Ng6 17. h4 Be7 18. h5 Nf8 19. Nf4 Qd8 20. g5 h6 21. g6 f6 22. Nd3
Rc8 23. exf6 Bxf6 24. Rxc6 Bxc6 25. Nde5 Qc7 26. Bf4 Rg8 27. Bxa6 Ra8 28. Qe2
Nd7 29. O-O Rf8 30. Nxc6 Qxc6 31. Rc1 Qa4 32. Qxe6+ Kd8 33. Bc7# 1-0

[Event "BRNO OPEN 2019 A - FIDE open"]
[Site "Brno"]
[Date "2019.11.05"]
[Round "3"]
[White "Hayrumyan, Artur"]
[Black "Strnad, Jiri"]
[Result "1-0"]
[WhiteElo "1418"]
[BlackElo "1589"]
[PlyCount "73"]
[EventDate "2019.11.03"]

1. e4 e5 2. Nc3 Nc6 3. Bc4 Nf6 4. f4 Bc5 5. fxe5 Nxe5 6. Bb3 Nc6 7. e5 Qe7 8.
Nge2 Qxe5 9. d4 Bxd4 10. Bf4 Bxc3+ 11. bxc3 Qe7 12. O-O O-O 13. a4 Qc5+ 14. Kh1
Ne4 15. Qe1 d6 16. Rf3 Bg4 17. Be3 Qh5 18. Nf4 Qe5 19. Rf1 Qxc3 20. Qc1 Rae8
21. Nd5 Qa5 22. Rf4 Bh5 23. Qb2 Nd8 24. Raf1 c6 25. Bd4 cxd5 26. Bxg7 Re5 27.
Bxe5 dxe5 28. Qxe5 Bg6 29. Bxd5 Qxa4 30. Bxe4 Bxe4 31. Rxe4 Qc6 32. Rg4+ Qg6
33. Rxg6+ hxg6 34. Rf3 Nc6 35. Qc3 Re8 36. Rh3 Re6 37. Rh8# 1-0

[Event "BRNO OPEN 2019 A - FIDE open"]
[Site "Brno"]
[Date "2019.11.05"]
[Round "3"]
[White "Broz, Jan"]
[Black "Piscopo, Pierluigi"]
[Result "0-1"]
[WhiteElo "1372"]
[BlackElo "2398"]
[PlyCount "54"]
[EventDate "2019.11.03"]

1. e4 c5 2. Nf3 e6 3. d4 cxd4 4. Nxd4 a6 5. Nc3 b5 6. Be2 Bb7 7. a3 d6 8. O-O
Nf6 9. Bg5 Be7 10. Bd3 Nbd7 11. f4 Qb6 12. Nce2 e5 13. fxe5 dxe5 14. c3 O-O 15.
Kh1 exd4 16. cxd4 Rae8 17. e5 Ng4 18. Bd2 Ndxe5 19. dxe5 Nf2+ 20. Rxf2 Qxf2 21.
Qf1 Qxf1+ 22. Rxf1 Rd8 23. Nc1 Rd4 24. Bc3 Rg4 25. Rf2 Rd8 26. Bc2 Bc5 27. Re2
Bf3 0-1

[Event "BRNO OPEN 2019 A - FIDE open"]
[Site "Brno"]
[Date "2019.11.05"]
[Round "3"]
[White "Stodola, Zdenek"]
[Black "Mazanec, Karel"]
[Result "0-1"]
[WhiteElo "1505"]
[BlackElo "1618"]
[PlyCount "58"]
[EventDate "2019.11.03"]

1. d4 d5 2. c4 e6 3. Nc3 Nf6 4. Bg5 Be7 5. e3 O-O 6. Nf3 Nbd7 7. Rc1 c5 8. cxd5
Nxd5 9. Bxe7 Qxe7 10. Bd3 cxd4 11. exd4 b6 12. O-O Bb7 13. Bb1 Rac8 14. Re1
Nxc3 15. Rxc3 Rxc3 16. bxc3 Qf6 17. Re3 Rd8 18. Qd3 g6 19. Qe2 Kg7 20. Be4 Bxe4
21. Rxe4 a5 22. Qe3 h6 23. Rf4 Qe7 24. d5 e5 25. Rc4 Qd6 26. Rh4 h5 27. Rxh5
gxh5 28. Qg5+ Qg6 29. Qxd8 Qb1+ 0-1

[Event "BRNO OPEN 2019 A - FIDE open"]
[Site "Brno"]
[Date "2019.11.06"]
[Round "4"]
[White "Baklanova, Tatiana"]
[Black "Chkhaidze, Nikoloz"]
[Result "1-0"]
[WhiteElo "2173"]
[BlackElo "2287"]
[PlyCount "85"]
[EventDate "2019.11.03"]

1. d4 Nf6 2. Nf3 d5 3. e3 c5 4. c3 cxd4 5. exd4 Nc6 6. Bd3 Bg4 7. Nbd2 e6 8.
O-O Bd6 9. Nb3 Qc7 10. h3 Bh5 11. Re1 O-O 12. Bg5 Nd7 13. Be2 h6 14. Be3 Nf6
15. Nc5 Ne4 16. Nd2 Bxe2 17. Rxe2 Nxd2 18. Qxd2 Bxc5 19. dxc5 Ne7 20. Bd4 Ng6
21. Rae1 Rfe8 22. c4 dxc4 23. Qc3 e5 24. Qxc4 Re6 25. Be3 a5 26. b3 Ne7 27. a3
Qc6 28. Bd2 Ng6 29. Be3 a4 30. b4 b5 31. Qg4 f5 32. Qh5 f4 33. Bc1 e4 34. Rd1
f3 35. gxf3 Ne5 36. fxe4 Kh8 37. f4 Rg6+ 38. Kh2 Nc4 39. Qd5 Qc8 40. Qd7 Qb8
41. e5 Qf8 42. e6 Re8 43. e7 1-0

[Event "BRNO OPEN 2019 A - FIDE open"]
[Site "Brno"]
[Date "2019.11.06"]
[Round "4"]
[White "Skurikhin, Dmitrij"]
[Black "Denisenko, Denis"]
[Result "1-0"]
[WhiteElo "2295"]
[BlackElo "2091"]
[PlyCount "65"]
[EventDate "2019.11.03"]

1. e4 e5 2. Nf3 Nf6 3. Nxe5 d6 4. Nf3 Nxe4 5. d3 Nf6 6. d4 Be7 7. Bd3 O-O 8. h3
c6 9. O-O h6 10. Bf4 Be6 11. Qc1 Re8 12. c3 Nbd7 13. Re1 Nf8 14. Nbd2 Qd7 15.
Qc2 b5 16. b3 g5 17. Bh2 Kg7 18. Re2 Ng6 19. Rae1 Bf8 20. c4 bxc4 21. bxc4 Nh5
22. Qc3 f6 23. d5 cxd5 24. cxd5 Bf7 25. Bxg6 Kxg6 26. g4 Ng7 27. Ne4 f5 28.
Qf6+ Kh7 29. Nexg5+ hxg5 30. Nxg5+ Kg8 31. Qh6 Be7 32. Qh7+ Kf8 33. Ne6+ 1-0

[Event "BRNO OPEN 2019 A - FIDE open"]
[Site "Brno"]
[Date "2019.11.06"]
[Round "4"]
[White "Jires, Jiri"]
[Black "Koutny, Petr"]
[Result "1/2-1/2"]
[WhiteElo "2077"]
[BlackElo "2217"]
[PlyCount "157"]
[EventDate "2019.11.03"]

1. e4 c5 2. Nc3 d6 3. d4 cxd4 4. Qxd4 a6 5. b3 Nc6 6. Qd2 g6 7. Bb2 Nf6 8.
O-O-O Bg7 9. f3 Be6 10. Kb1 Qa5 11. Nd5 Qxd2 12. Rxd2 O-O-O 13. Nxf6 Bxf6 14.
Bxf6 exf6 15. c4 f5 16. exf5 Bxf5+ 17. Bd3 Bxd3+ 18. Rxd3 Rhe8 19. Nh3 Re2 20.
Nf4 Rf2 21. Re3 g5 22. Nd5 Rxg2 23. h4 g4 24. fxg4 Rxg4 25. Nf6 Rg6 26. Rf1 h6
27. Nd5 Rg7 28. Rf6 Ne5 29. Re4 h5 30. Ne3 Ng4 31. Rf5 Nxe3 32. Rxe3 Rh8 33.
Re7 Rhh7 34. Rf6 Rg1+ 35. Kc2 Rhg7 36. Rxd6 f5 37. Rxg7 Rxg7 38. Rh6 Rg2+ 39.
Kd3 Rxa2 40. Rxh5 Rb2 41. Kc3 Rf2 42. Rh7 Rf3+ 43. Kb4 b6 44. h5 Rh3 45. h6 f4
46. Rf7 Rxh6 47. Rxf4 Kb7 48. Rg4 a5+ 49. Kc3 Rh3+ 50. Kb2 Rh5 51. Rg6 Rh3 52.
Rf6 Ka6 53. c5 Kb5 54. cxb6 Rh7 55. Kc3 Rd7 56. Rh6 Rg7 57. Rf6 Rg3+ 58. Kc2
Ka6 59. Rh6 Rg4 60. Kc3 Rb4 61. Rg6 Kb7 62. Rh6 Rg4 63. Rf6 Ka6 64. Rh6 Rb4 65.
Rg6 Rb5 66. Kc4 Rb4+ 67. Kc3 Re4 68. Rc6 Rh4 69. Rg6 a4 70. bxa4 Rxa4 71. Kb3
Rh4 72. Kc3 Kb7 73. Kb3 Rh1 74. Kc4 Rc1+ 75. Kb5 Rb1+ 76. Ka5 Ra1+ 77. Kb5 Rb1+
78. Ka5 Ra1+ 79. Kb5 1/2-1/2

[Event "BRNO OPEN 2019 A - FIDE open"]
[Site "Brno"]
[Date "2019.11.06"]
[Round "4"]
[White "Kovalenko, Vladimir N"]
[Black "Meszaros, Ludek"]
[Result "1-0"]
[WhiteElo "2079"]
[BlackElo "2070"]
[PlyCount "111"]
[EventDate "2019.11.03"]

1. e4 e5 2. Nf3 Nc6 3. d4 exd4 4. Bc4 Nf6 5. e5 d5 6. Bb5 Ne4 7. Nxd4 Bd7 8.
Bxc6 bxc6 9. O-O Bc5 10. Qd3 O-O 11. Nc3 f5 12. exf6 Qxf6 13. Nxe4 Qxd4 14.
Nxc5 Qxc5 15. Be3 Qb4 16. Qd4 Qd6 17. f3 a5 18. Rae1 Rab8 19. b3 a4 20. Qc3
Rfe8 21. Bd4 axb3 22. axb3 Qg6 23. Qd2 Bf5 24. Rxe8+ Rxe8 25. c3 Qe6 26. Qg5
Bg6 27. Bf2 h6 28. Qf4 Qd6 29. Qd4 Kh7 30. b4 Re2 31. Re1 Qe6 32. Rxe2 Qxe2 33.
h3 Qe7 34. Bg3 Qd7 35. Be5 Qe7 36. Kf2 Bf5 37. Qf4 Bg6 38. Bxc7 Qf6 39. Qe3 Qf5
40. Be5 Qd3 41. Qc5 Qf5 42. Qd6 Bf7 43. Bd4 Qe6 44. Qg3 Qg6 45. Qe5 Be6 46. g4
Bf7 47. h4 Bg8 48. h5 Qf7 49. Ke3 Qd7 50. f4 Be6 51. f5 Bg8 52. f6 c5 53. bxc5
Be6 54. c6 Qf7 55. fxg7 Bxg4 56. g8=Q+ 1-0

[Event "BRNO OPEN 2019 A - FIDE open"]
[Site "Brno"]
[Date "2019.11.06"]
[Round "4"]
[White "Bullen, Alex"]
[Black "Glozar, Petr"]
[Result "1-0"]
[WhiteElo "2108"]
[BlackElo "1908"]
[PlyCount "63"]
[EventDate "2019.11.03"]

1. d4 Nf6 2. Nf3 d5 3. c4 e6 4. g3 c6 5. Bg2 b6 6. O-O Bd6 7. Nbd2 Nbd7 8. Qc2
Bb7 9. e4 dxe4 10. Ng5 O-O 11. Ndxe4 Nxe4 12. Nxe4 Be7 13. Bf4 Nf6 14. Rad1 h6
15. Rfe1 Nxe4 16. Bxe4 Bd6 17. Be5 Qc7 18. c5 bxc5 19. Bxd6 Qxd6 20. dxc5 Qc7
21. Rd6 Rfd8 22. Red1 Rxd6 23. cxd6 Qd7 24. Qc5 a6 25. b4 Rd8 26. Qb6 Qc8 27.
a4 Rd7 28. b5 axb5 29. axb5 cxb5 30. Bxb7 Rxb7 31. Qxb7 Qxb7 32. d7 1-0

[Event "BRNO OPEN 2019 A - FIDE open"]
[Site "Brno"]
[Date "2019.11.06"]
[Round "4"]
[White "Ochedzan, Tymon"]
[Black "Marsa, Alexandr"]
[Result "1-0"]
[WhiteElo "2061"]
[BlackElo "1873"]
[PlyCount "53"]
[EventDate "2019.11.03"]

1. e4 e6 2. d4 d5 3. Nc3 Bb4 4. e5 c5 5. a3 Bxc3+ 6. bxc3 Qc7 7. Qg4 f5 8. Qh5+
g6 9. Qd1 Bd7 10. h4 h6 11. Rh3 Ba4 12. Ra2 Nd7 13. Ne2 Ne7 14. Nf4 Kf7 15. Be2
Rhc8 16. c4 Nb6 17. dxc5 Nxc4 18. Bxc4 dxc4 19. Qd6 Qxd6 20. cxd6 Nc6 21. Ne2
c3 22. Nxc3 b5 23. Nxa4 bxa4 24. f4 g5 25. Rb2 gxf4 26. Rb7+ Kg6 27. h5+ 1-0

[Event "BRNO OPEN 2019 A - FIDE open"]
[Site "Brno"]
[Date "2019.11.06"]
[Round "4"]
[White "Myronenko, Natalya"]
[Black "Ahlers, Knut"]
[Result "1/2-1/2"]
[WhiteElo "1878"]
[BlackElo "2037"]
[PlyCount "75"]
[EventDate "2019.11.03"]

1. e4 {[%emt 0:00:00]} e5 2. Bc4 Nf6 3. d3 c6 4. Nf3 d5 5. Bb3 a5 6. a4 Bd6 7.
h3 O-O 8. Nc3 dxe4 9. Nxe4 Nxe4 10. dxe4 Qc7 11. O-O Na6 12. Qe2 Nc5 13. Bc4
Kh8 14. b3 f5 15. exf5 Bxf5 16. Ng5 Qe7 17. h4 Rae8 18. Be3 Qf6 19. Rad1 Be7
20. Qd2 b6 21. Qe2 h6 22. Kh2 hxg5 23. hxg5 Qg6 24. Rh1 Bxg5 25. Bxg5 Qxg5 26.
Kg1+ Bh7 27. Rh3 Rf6 28. c3 Ne6 29. Qe4 Nf8 30. Qe2 Rh6 31. Rxh6 Qxh6 32. Qf3
e4 33. Qf7 Qg6 34. Qc7 e3 35. fxe3 Rxe3 36. Qxb6 Qe4 37. Rd8 Re1+ 38. Kf2
1/2-1/2

[Event "BRNO OPEN 2019 A - FIDE open"]
[Site "Brno"]
[Date "2019.11.06"]
[Round "4"]
[White "Balaz, Frantisek"]
[Black "Tesar, Jan"]
[Result "1/2-1/2"]
[WhiteElo "1843"]
[BlackElo "2029"]
[PlyCount "101"]
[EventDate "2019.11.03"]

1. e4 c5 2. c3 d6 3. d4 Nf6 4. Bd3 g6 5. Nf3 Bg7 6. h3 O-O 7. O-O cxd4 8. cxd4
Nc6 9. Nc3 a6 10. Be3 b5 11. d5 Nb8 12. Rc1 Nbd7 13. b4 Nb6 14. a4 Nxa4 15.
Nxa4 bxa4 16. Qxa4 Bd7 17. Qa5 Qxa5 18. bxa5 Bb5 19. Bxb5 axb5 20. Bb6 Nxe4 21.
Rfe1 f5 22. Nd4 Nc5 23. Ne6 Nd3 24. Nxf8 Kxf8 25. Rb1 Nxe1 26. Rxe1 b4 27. Rb1
Bc3 28. Kf1 Kf7 29. Ke2 Kf6 30. Kd3 Rc8 31. f4 e5 32. dxe6 Kxe6 33. a6 Kd5 34.
a7 Kc6 35. Ba5 Ra8 36. Bxb4 Bxb4 37. Rxb4 Rxa7 38. Rb2 Kd5 39. Rb5+ Ke6 40. Ke3
h6 41. Rb8 Ra3+ 42. Ke2 h5 43. Rg8 Kf7 44. Rd8 Ra6 45. Ke3 Ke7 46. Rg8 d5 47.
Rg7+ Kf6 48. Rd7 Ra5 49. Rd6+ Kg7 50. Rd8 Kh6 51. h4 1/2-1/2

[Event "BRNO OPEN 2019 A - FIDE open"]
[Site "Brno"]
[Date "2019.11.06"]
[Round "4"]
[White "Belov, Alexander"]
[Black "Kalinowska, Zuzanna"]
[Result "0-1"]
[WhiteElo "1828"]
[BlackElo "1998"]
[PlyCount "64"]
[EventDate "2019.11.03"]

1. g3 e5 2. Bg2 Nc6 3. c4 d6 4. Nc3 Be6 5. d3 Qd7 6. Rb1 g6 7. Nf3 h6 8. O-O
Bg7 9. Bd2 Nge7 10. Qc1 g5 11. b4 Ng6 12. b5 Nd8 13. Rd1 f5 14. Nxg5 hxg5 15.
Bxg5 c6 16. Bxd8 Rxd8 17. bxc6 bxc6 18. Qa3 O-O 19. Qa6 e4 20. Na4 Ne5 21. Rb7
Qe8 22. Qxa7 Rf7 23. Nb6 Rxb7 24. Qxb7 Qh5 25. Re1 f4 26. Qe7 Re8 27. Qxd6 fxg3
28. hxg3 Ng4 29. Qxc6 Qh2+ 30. Kf1 Ne3+ 31. fxe3 Rf8+ 32. Bf3 Bh3# 0-1

[Event "BRNO OPEN 2019 A - FIDE open"]
[Site "Brno"]
[Date "2019.11.06"]
[Round "4"]
[White "Pokotaiev, Vladyslav"]
[Black "Senasi, Martin"]
[Result "1-0"]
[WhiteElo "1766"]
[BlackElo "1942"]
[PlyCount "23"]
[EventDate "2019.11.03"]

1. e4 d6 2. d4 Nf6 3. Nc3 g6 4. f4 Bg7 5. Nf3 c5 6. dxc5 Qa5 7. Bd3 Qxc5 8. Qe2
Nfd7 9. Nd5 e6 10. b4 Bc3+ 11. Bd2 Bxd2+ 12. Kxd2 1-0